Foundations of data organization and algorithms : 3rd international conference, FODO 1989, Paris, France, June 21-23, 1989 : proceedings /

Saved in:
Bibliographic Details
Other Authors: Litwin, W. (Witold), 1946-, Schek, H.-J
Format: Book
Language:English
Published: Berlin ; New York : Springer-Verlag, c1989.
Series:Lecture notes in computer science ; 367.
Subjects:
LEADER 01354nam a2200325 a 4500
001 c000161150
003 CARM
005 19940829000000.0
008 890607s1989 wb a b 100 0 eng
010 |a 89011433 //r942 
019 1 |a 6468978  |5 LACONCORD2021 
020 |a 0387512950  |b (New York) :  |c $39.40 
035 |a (OCoLC)19922940  |5 LACONCORD2021 
040 |a LC  |b eng  |c LC  |d LC 
050 0 0 |a QA76.9.D3  |b F67 1989 
082 0 0 |a 005.74  |2 20 
245 0 0 |a Foundations of data organization and algorithms :  |b 3rd international conference, FODO 1989, Paris, France, June 21-23, 1989 : proceedings /  |c W. Litwin, H.-J. Schek, eds. 
260 |a Berlin ;  |a New York :  |b Springer-Verlag,  |c c1989. 
300 |a viii, 531 p. :  |b ill. ;  |c 24 cm. 
440 0 |a Lecture notes in computer science ;  |v 367. 
500 |a One contribution in French. 
504 |a Includes bibliographical references. 
650 0 |a Database management  |v Congresses. 
650 0 |a Data structures (Computer science)  |x Congresses. 
650 0 |a Computer algorithms  |x Congresses. 
700 1 |a Litwin, W.  |q (Witold),  |d 1946- 
700 1 |a Schek, H.-J. 
852 8 |b CARM  |h A2:AL20E0  |i C05353  |p 0212435  |f BK 
999 f f |i 0d8c6c16-c615-5604-b1cf-7b5cf4c8fa9d  |s 298513d4-f37a-526e-b69b-9c47f2f5997c 
952 f f |p Can circulate  |a CAVAL  |b CAVAL  |c CAVAL  |d CARM 1 Store  |e C05353  |f A2:AL20E0  |h Other scheme  |i book  |m 0212435